| 000 | 00623nam a2200229Ia 4500 | ||
|---|---|---|---|
| 003 | OSt | ||
| 005 | 20221007073119.0 | ||
| 006 | a|||||r|||| 00| 0 | ||
| 007 | ta | ||
| 008 | 221006b |||||||| |||| 00| 0 eng d | ||
| 024 | _a15,697 | ||
| 037 | _cTextual | ||
| 040 |
_aFLL _cFLL _beng |
||
| 041 |
_2eng _aeng |
||
| 082 | _aX65.73.N5, K9;1 | ||
| 100 | _aKindleberger Charles P. | ||
| 245 | 0 | _aAmerican business abroad | |
| 260 |
_aLondon _bYale University Press London _c1969 |
||
| 300 |
_a225p _ccm. |
||
| 942 |
_hX65.73.N5, K9;1 _cTEXL _2CC |
||
| 999 |
_c1147719 _d1147719 |
||